000 01082naa a22002777a 4500
001 BR9401447
003 BR-BrBNA
005 20250721155453.0
007 ta
008 250630b bl.|||m| |||| 00| 0 por d
040 _aBR-BrBNA
_bpor
_cBiblioteca Nacional de Agricultura
041 _a(Pt)
072 _aF30
_b0336
090 _aF30 BR9401447
100 1 _aCampelo, G.J. de A.
111 1 _a6. Seminario de Pesquisa Agropecuaria do Piaui
_cTeresina, PI (Brazil)
_d09-11 Oct 1990
245 1 _aGO 83-17806: Uma linhagem de soja de ciclo precoce
500 _a6. Seminario de Pesquisa Agropecuaria do Piaui. Anais Teresina, PI (Brasil): 1992. p. 147-149 [Summary (Pt)] (BR9401447-AMS)
773 0 _t6. Seminario de Pesquisa Agropecuaria do Piaui. Anais
_wF30 BR9401447
_gTeresina, PI (Brasil), 1992. p. 147-149
650 _aSoja
650 _aLinhagem
650 _aCaracteristicas Agronomicas
490 _aDocumentos - Unidade de Execucao de Pesquisa de Ambito Estadual de Teresina (Brazil)
_vno. 11
942 _cAMS
_2AGRIS
909 _a202506
_bLúcia
_c55
_dLúcia Elande
999 _c336679
_d336679